Statistiques concernant Le top 20 du classement UEFA des clubs Français.

Cliquez ici pour prendre le quiz!

Statistiques générales

  • Ce quiz a été pris 366 fois
  • Le résultat moyen est 17 sur 20

Statistiques - réponses

Points
UEFA
Clubs% Correct
180Olympique de Marseille
100%
318Olympique Lyonnais
100%
331Paris Saint Germain
100%
134AS Monaco
98%
118LOSC Lille
97%
56Stade Rennais
96%
121Girondins de Bordeaux
95%
35RC Lens
95%
33FC Nantes
92%
28.5OGC Nice
92%
43.5AS Saint Etienne
91%
9Toulouse FC
91%
17.5RC Strasbourg
87%
7Montpellier HSC
83%
50AJ Auxerre
76%
2Stade de Reims
76%
22.5FC Sochaux
58%
15AS Nancy
50%
10.5EA Guingamp
49%
4ESTAC Troyes
34%

Distribution des résultats

Percentile par nombre de réponses

% des personnes avec chaque résultat

Votre développement - résultats

Vous n’avez pas pris ce quiz